| 000 | 01663nam a22004457a 4500 | ||
|---|---|---|---|
| 003 | OSt | ||
| 005 | 20230421153210.0 | ||
| 008 | 221006b |||||||| |||| 00| 0 eng d | ||
| 040 | _cBiblioteca Lado V | ||
| 082 |
_a700 _bZ39a |
||
| 100 |
_9802 _aZaya, Antonio _eeditor _edirector |
||
| 245 |
_aAtalantica/ _bRevista de Arte y Pensamiento/ |
||
| 260 |
_bCentro Atlantico de Arte Moderno _c2000 _aEspaña |
||
| 300 |
_c24x30cm _a139p. |
||
| 490 |
_v2000 _x1132-8428 _a27 |
||
| 505 | _tJose Ruiz | ||
| 505 | _tChen Zhen en Conversación con Hans Ulrich Obrist | ||
| 505 | _tParque de Argentina | ||
| 505 | _tPlayground and Toys | ||
| 505 | _tMiralda en la expo de Hannover | ||
| 505 | _tUna Cierta Movida en Latinoamérica | ||
| 505 | _tUn proyecto de LOS CARPINTEROS | ||
| 505 | _tTSIBI GEVA | ||
| 505 | _tEl mito Arcadico del Paisaje | ||
| 505 | _tRamon Diaz Padilla | ||
| 505 | _tJuan Carlos Batista | ||
| 505 | _tLa Fotografia en Extremadura | ||
| 505 | _tEl CAAM mostró la influencia de la revolución | ||
| 505 | _tEl CAAM muestra "El tiempo de Africa" | ||
| 650 |
_2Tesauro de Arte & Arquitectura _aARTE _9703 |
||
| 650 |
_2Tesauro de Arte & Arquitectura _aEXPOSICIONES |
||
| 650 |
_2Tesauro de Arte & Arquitectura _aCULTURA |
||
| 650 |
_2Tesauro de Arte & Arquitectura _aAPRECIACION |
||
| 650 |
_2Tesauro de Arte & Arquitectura _aTEORIA |
||
| 650 |
_2Tesauro de Arte & Arquitectura _aCRITICA |
||
| 650 |
_2Tesauro de Arte & Arquitectura _aFOTOGRAFIA _9702 |
||
| 650 |
_2Tesauro de Arte & Arquitectura _aLITERATURA |
||
| 650 |
_2Tesauro de Arte & Arquitectura _aESPAÑA |
||
| 942 |
_2ddc _c1 _h700 _iZ39a _n0 |
||
| 999 |
_c3442 _d3442 |
||